000
00209 a2200097 4500
001
49548
100
_a
Hudsen
245
_a
Models of exposition
260
_a
New York
_b
Ronald press
_c
090
_c
32075
_d
32075
942
_a
NUST-CAE
_c
M
_c
24531
999
_c
284621
_d
284621